000 01123cam a2200397 i 4500
001 0000559
003 DO-SdBNP
005 20180213152622.0
007 0000559
008 100514s 1994 sp a 000 f spa
015 _a
017 _a
_b
020 _a8434810018
020 _a
035 _a
040 _aBPMSU
_bspa
_cBPMSU
_e
080 _a
082 _a863.6
_bM994p 1993
100 1 _aMuñoz Martín, Juan
_d1929-
245 1 3 _aEl pirata garrapata /
_h
_cJuan Muñoz Martín ; ilustración Yolanda Álvarez
250 _a22a. ed.
260 _aMadrid :
_bSM,
_b
_c1994
300 _a153 p.:
_bil. ;
_c20 cm.
490 1 _aEl barco de vapor ;
_a
_v13
500 _aA partir de 9 años
586 _aPremio El barco de vapor, 1979
586 _aPremio Doncel de cuento infantil, 1966
650 _a CUENTOS INFANTILES ESPAÑOLES
650 _a LITERATURA INFANTIL ESPAÑOLA
700 1 2 _aÁlvarez, Yolanda
_eil.
830 0 _a El barco de vapor
_n13
942 _2ddc
_cBK
945 _aInventariado, 2018 / YL
956 _aVMATEO
_b10
_d20161123
_fBPMSU
_h0069
956 _a
999 _c12068
_d12068